[Event "España ch sub-12 2012"]
[Site "Salobreña ESP"]
[Date "2012.07.06"]
[Round "7.10"]
[White "Roig Serralta, Nadal"]
[Black "Martin Perez, Pau"]
[Result "1-0"]
[WhiteElo "1721"]
[BlackElo "1562"]
[PlyCount "75"]
[EventDate "2012.07.02"]
[EventType "swiss"]
[EventRounds "9"]
[EventCountry "ESP"]
[Source "lmi"]
[SourceDate "2012.07.02"]

1. d4 Nf6 2. Nf3 g6 3. g3 Bg7 4. Bg2 d6 5. O-O O-O 6. c4 c5 7. Nc3 Nc6 8. d5
Na5 9. Qd3 Rb8 10. e4 a6 11. e5 Bf5 12. Qe2 Nd7 13. e6 fxe6 14. Ng5 Ne5 15. f4
Bg4 16. Qe1 Nexc4 17. h3 h6 18. Nxe6 Bxe6 19. Qxe6+ Kh7 20. f5 Ne5 21. Be4 Rf6
22. fxg6+ Nxg6 23. Rxf6 exf6 24. Qf7 f5 25. Bxf5 Qf6 26. Qe6 Qxe6 27. dxe6 Nc6
28. Bf4 Be5 29. Re1 Kg7 30. Bxe5+ Ngxe5 31. Rd1 Rd8 32. Nd5 Re8 33. Kf2 h5 34.
g4 hxg4 35. hxg4 Kh6 36. Rh1+ Kg7 37. Rh7+ Kf8 38. Rh8+ 1-0

[Event "España ch sub-12 2012"]
[Site "Salobreña ESP"]
[Date "2012.07.06"]
[Round "7.11"]
[White "Germes Ibañez, Ricardo"]
[Black "Ros Alonso, Jaume"]
[Result "1/2-1/2"]
[WhiteElo "1556"]
[BlackElo "1713"]
[PlyCount "80"]
[EventDate "2012.07.02"]
[EventType "swiss"]
[EventRounds "9"]
[EventCountry "ESP"]
[Source "lmi"]
[SourceDate "2012.07.02"]

1. e4 c5 2. Nf3 e6 3. d4 cxd4 4. Nxd4 a6 5. Bd3 Bc5 6. Nb3 Ba7 7. Qe2 Nc6 8.
Be3 Bxe3 9. Qxe3 d6 10. Nc3 Nf6 11. O-O O-O 12. Rad1 Qc7 13. Nd4 Ng4 14. Qg3
Nge5 15. Nxc6 bxc6 16. f4 Nd7 17. b3 Bb7 18. f5 exf5 19. exf5 Nf6 20. Ne4 Ne8
21. f6 g6 22. Be2 d5 23. Qxc7 Nxc7 24. Nc5 Rfe8 25. Bd3 Bc8 26. Rde1 Ne6 27.
Nxe6 Bxe6 28. Rf4 a5 29. c4 dxc4 30. Bxc4 Bxc4 31. Rxe8+ Rxe8 32. Rxc4 Re6 33.
Rc5 a4 34. bxa4 Rxf6 35. a5 Rf4 36. Rxc6 Ra4 37. Rc8+ Kg7 38. Ra8 Rxa2 39. a6
Kf6 40. Kf1 Ke5 1/2-1/2

[Event "España ch sub-12 2012"]
[Site "Salobreña ESP"]
[Date "2012.07.06"]
[Round "7.12"]
[White "Soto Martin, Pablo"]
[Black "Ortin Blanco, Ainhoa"]
[Result "1/2-1/2"]
[WhiteElo "1707"]
[BlackElo "1605"]
[PlyCount "64"]
[EventDate "2012.07.02"]
[EventType "swiss"]
[EventRounds "9"]
[EventCountry "ESP"]
[Source "lmi"]
[SourceDate "2012.07.02"]

1. e4 c5 2. Nf3 g6 3. c3 Bg7 4. d4 cxd4 5. cxd4 d5 6. e5 Bg4 7. h3 Bxf3 8. Qxf3
Nc6 9. Bb5 Nh6 10. O-O O-O 11. Be3 Nf5 12. Bxc6 bxc6 13. Nc3 Qb6 14. Rfd1 Qb4
15. Qe2 Rfc8 16. Rac1 Rab8 17. b3 e6 18. Na4 Bf8 19. Qd2 Rb5 20. Qxb4 Bxb4 21.
Bg5 Ba3 22. Rc2 Rb4 23. Rcd2 Rbb8 24. g4 Ng7 25. Rc2 Rb5 26. Kg2 Ne8 27. Rd3
Bb4 28. Rd1 Ba3 29. Bc1 Be7 30. Be3 Ba3 31. Bc1 Be7 32. Be3 Ba3 1/2-1/2

[Event "España ch sub-12 2012"]
[Site "Salobreña ESP"]
[Date "2012.07.06"]
[Round "7.13"]
[White "Diez Villace, Victor"]
[Black "Puga Sanchez, Miguel"]
[Result "1/2-1/2"]
[WhiteElo "1521"]
[BlackElo "1670"]
[PlyCount "78"]
[EventDate "2012.07.02"]
[EventType "swiss"]
[EventRounds "9"]
[EventCountry "ESP"]
[Source "lmi"]
[SourceDate "2012.07.02"]

1. c4 e5 2. Nc3 f5 3. d3 Nf6 4. g3 Bb4 5. Bd2 Nc6 6. Bg2 d6 7. e3 Bxc3 8. Bxc3
O-O 9. Ne2 Qe8 10. O-O Kh8 11. d4 e4 12. b3 g5 13. h3 Qh5 14. Nc1 Qh6 15. f4 d5
16. fxg5 Qxg5 17. Qe1 Be6 18. c5 Rg8 19. Kh2 Rg6 20. Qf2 Rh6 21. h4 Ng4+ 22.
Kg1 Qxe3 23. Qxe3 Nxe3 24. Rf2 Ng4 25. Rf1 Rg6 26. Ne2 Ne3 27. Rf2 Re8 28. Bd2
Nc2 29. Rc1 N6b4 30. a3 Nd3 31. Rxc2 Nxf2 32. Kxf2 Bd7 33. Be3 Be6 34. Nf4 Rg7
35. Nxe6 Rxe6 36. Bf4 Rf7 37. Be5+ Kg8 38. Ke3 Rc6 39. b4 Ra6 1/2-1/2

[Event "España ch sub-12 2012"]
[Site "Salobreña ESP"]
[Date "2012.07.06"]
[Round "7.14"]
[White "Iglesias Feijoo, Alberto"]
[Black "Guerrero Orihuela, Jose Luis"]
[Result "1/2-1/2"]
[WhiteElo "1660"]
[BlackElo "1491"]
[PlyCount "110"]
[EventDate "2012.07.02"]
[EventType "swiss"]
[EventRounds "9"]
[EventCountry "ESP"]
[Source "lmi"]
[SourceDate "2012.07.02"]

1. e4 c5 2. Nf3 e6 3. d4 cxd4 4. Nxd4 a6 5. Nc3 b5 6. a3 Bb7 7. Bd3 d6 8. O-O
Nf6 9. Bg5 Nbd7 10. Re1 Be7 11. h3 Rc8 12. Kh1 O-O 13. f4 h6 14. Bxf6 Bxf6 15.
Be2 Qb6 16. e5 dxe5 17. Ndxb5 Rfd8 18. Nd6 Rc7 19. Nxb7 Qxb2 20. Nxd8 Qxc3 21.
Qd3 Qxd3 22. cxd3 exf4 23. Rac1 Bxd8 24. Rxc7 Bxc7 25. Rc1 Bb6 26. d4 a5 27.
Rd1 Nf6 28. Bf3 Kf8 29. Kh2 Ke7 30. g3 fxg3+ 31. Kxg3 Bc7+ 32. Kf2 Kd6 33. Rb1
Nd7 34. Rc1 Nb6 35. Rc6+ Kd7 36. Rc5 Nc8 37. Bc6+ Kd6 38. Be8 Nb6 39. Rxa5 Nd5
40. Ra6+ Ke7 41. Bc6 Bb6 42. Ra4 Kd6 43. Bxd5 Kxd5 44. Ra8 Bxd4+ 45. Ke2 Ke4
46. a4 f5 47. a5 g5 48. Rg8 Kf4 49. Rg6 g4 50. hxg4 fxg4 51. Rxh6 Kg5 52. Rxe6
g3 53. Kf3 Kf5 54. Re4 g2 55. Rf4+ Ke5 1/2-1/2

[Event "España ch sub-12 2012"]
[Site "Salobreña ESP"]
[Date "2012.07.06"]
[Round "7.15"]
[White "Represa Perez, Mireya"]
[Black "Aledo Yanguas, Javier"]
[Result "1-0"]
[WhiteElo "1525"]
[BlackElo "1654"]
[PlyCount "75"]
[EventDate "2012.07.02"]
[EventType "swiss"]
[EventRounds "9"]
[EventCountry "ESP"]
[Source "lmi"]
[SourceDate "2012.07.02"]

1. e4 c6 2. d4 d5 3. e5 c5 4. dxc5 Nc6 5. Bb5 e6 6. b4 a5 7. c3 Nge7 8. f4 Bd7
9. Bxc6 Nxc6 10. Bd2 b6 11. b5 Bxc5 12. bxc6 Bxc6 13. Nf3 h6 14. Nd4 Bb7 15.
Qa4+ Qd7 16. Qxd7+ Kxd7 17. a4 f6 18. Na3 Rhf8 19. Nab5 Rf7 20. Be3 Ba6 21. Kd2
Rc8 22. f5 Ke7 23. fxe6 Rff8 24. Nf5+ Kxe6 25. Bxc5 Rxc5 26. Nfd4+ Kd7 27. e6+
Ke8 28. e7 Rg8 29. Ne6 Kxe7 30. Nxc5 bxc5 31. Rhe1+ Kd7 32. Re2 Rb8 33. Rae1
Bxb5 34. Re7+ Kd8 35. axb5 Rxb5 36. Rxg7 d4 37. Ree7 dxc3+ 38. Kxc3 1-0

[Event "España ch sub-12 2012"]
[Site "Salobreña ESP"]
[Date "2012.07.06"]
[Round "7.16"]
[White "Sanchez Cornago, Raul"]
[Black "Martinez Lopez, Carlos"]
[Result "0-1"]
[WhiteElo "1433"]
[BlackElo "1649"]
[PlyCount "130"]
[EventDate "2012.07.02"]
[EventType "swiss"]
[EventRounds "9"]
[EventCountry "ESP"]
[Source "lmi"]
[SourceDate "2012.07.02"]

1. d4 Nf6 2. c4 c5 3. d5 e6 4. Nc3 exd5 5. cxd5 d6 6. e4 g6 7. f4 Bg7 8. h3 O-O
9. g4 Re8 10. Bd3 a6 11. a4 Nxe4 12. Nxe4 f5 13. Be3 fxe4 14. Be2 Bxb2 15. Rb1
Bc3+ 16. Kf1 Bg7 17. Bc4 Nd7 18. Kg2 Nf6 19. Ne2 Kh8 20. Qc2 b6 21. Nc3 Rb8 22.
g5 Ng8 23. h4 Ra8 24. h5 Bg4 25. hxg6 Bf3+ 26. Kf2 Bxh1 27. Rxh1 Ne7 28. Qxe4
Nc8 29. Rxh7+ Kg8 30. Qf5 Qe7 31. Nd1 Rf8 32. Qe6+ Qxe6 33. dxe6 Ne7 34. Rh5
Rfd8 35. Bd3 Rf8 36. Kf3 d5 37. Kg4 c4 38. Bc2 d4 39. Bd2 d3 40. Bb1 Nxg6 41.
f5 Ne5+ 42. Kf4 Nc6 43. Bc3 Bxc3 44. Nxc3 Ne7 45. f6 Rab8 46. Ke5 Ng6+ 47. Kf5
Ne7+ 48. Kg4 Ng6 49. Rh6 Ne5+ 50. Kf5 Nc6 51. Kg6 Ne5+ 52. Kf5 Nc6 53. e7 Nxe7+
54. Ke6 Nc6 55. Ba2 b5 56. axb5 axb5 57. Kf5 Nb4 58. g6 Nxa2 59. f7+ Rxf7+ 60.
gxf7+ Kxf7 61. Nxa2 b4 62. Rh7+ Kg8 63. Rh2 c3 64. Rg2+ Kf7 65. Rf2 d2 0-1

[Event "España ch sub-12 2012"]
[Site "Salobreña ESP"]
[Date "2012.07.06"]
[Round "7.17"]
[White "Redondo Benavente, Ana Del Carmen"]
[Black "Pulido Leon, Manuel"]
[Result "0-1"]
[WhiteElo "1419"]
[BlackElo "1634"]
[PlyCount "136"]
[EventDate "2012.07.02"]
[EventType "swiss"]
[EventRounds "9"]
[EventCountry "ESP"]
[Source "lmi"]
[SourceDate "2012.07.02"]

1. Nf3 e6 2. d4 Nf6 3. c4 Bb4+ 4. Nc3 Ne4 5. Qc2 f5 6. e3 b6 7. Be2 Bb7 8. Bd2
Bxc3 9. Bxc3 O-O 10. O-O d6 11. Rad1 Qe7 12. h3 Ng5 13. d5 Nxf3+ 14. Bxf3 e5
15. Be2 Nd7 16. b4 c5 17. b5 Bc8 18. a4 Nf6 19. Bd3 e4 20. Be2 Bd7 21. Qb2 Be8
22. Kh2 h6 23. Bxf6 Rxf6 24. Qc3 Bg6 25. f3 exf3 26. Rxf3 Re8 27. Bd3 Bh5 28.
g4 fxg4 29. Rxf6 Qxf6 30. Qxf6 gxf6 31. hxg4 Bxg4 32. Rg1 h5 33. e4 Kf7 34. Kg3
Re5 35. Kf4 Kg6 36. Rg2 Kh6 37. Kg3 Rg5 38. Kf4 Bc8 39. Rh2 Rg4+ 40. Ke3 Kg5
41. Be2 Rg3+ 42. Kf2 h4 43. Rg2 Rxg2+ 44. Kxg2 Bg4 45. Bd3 Kf4 46. Bc2 Bf3+ 47.
Kh3 Bxe4 48. Bb3 Kg5 49. Kh2 Kg4 50. Bd1+ Bf3 51. Bc2 f5 52. Kg1 Be4 53. Bd1+
Kg3 54. Kf1 Bg2+ 55. Ke2 Bf3+ 56. Kd2 Bxd1 57. Kxd1 h3 58. a5 h2 59. axb6 axb6
60. Ke2 h1=Q 61. Ke3 Qe4+ 62. Kd2 f4 63. Kc3 f3 64. Kd2 f2 65. Kc3 f1=Q 66. Kb3
Qeb1+ 67. Ka3 Qb4+ 68. Ka2 Qc3 0-1

[Event "España ch sub-12 2012"]
[Site "Salobreña ESP"]
[Date "2012.07.06"]
[Round "7.18"]
[White "Povill Claros, Xavier"]
[Black "Jausas Lopez, Andrea"]
[Result "1/2-1/2"]
[WhiteElo "1630"]
[BlackElo "1553"]
[PlyCount "101"]
[EventDate "2012.07.02"]
[EventType "swiss"]
[EventRounds "9"]
[EventCountry "ESP"]
[Source "lmi"]
[SourceDate "2012.07.02"]

1. e4 e6 2. b3 d5 3. Bb2 dxe4 4. Nc3 Nf6 5. g4 h6 6. Qe2 Bd7 7. Bg2 Nc6 8. Nxe4
Qe7 9. O-O-O O-O-O 10. h3 Rg8 11. d3 Nxe4 12. Bxe4 Nb4 13. Kb1 Bc6 14. Nf3 Bxe4
15. dxe4 Nc6 16. Rxd8+ Nxd8 17. Ne5 Qc5 18. f4 Bd6 19. Nd3 Qa5 20. e5 Ba3 21.
h4 Bxb2 22. Kxb2 Rh8 23. h5 Nc6 24. Qe1 Qxe1 25. Rxe1 Rd8 26. Kc1 Ne7 27. Re4
b6 28. Kd2 Nd5 29. Kc1 Kb7 30. c4 Ne7 31. Kc2 Nc6 32. Kc3 a5 33. a3 Ne7 34. Nf2
Rd7 35. Rd4 Kc6 36. Rxd7 Kxd7 37. Kd4 c5+ 38. Kc3 Kc6 39. Ne4 Kd7 40. b4 axb4+
41. axb4 Kc6 42. b5+ Kd7 43. Nd6 f5 44. gxf5 Nxf5 45. Nxf5 exf5 46. Kd3 Ke6 47.
Ke3 Kf7 48. Kf3 Ke6 49. Ke3 Kf7 50. Kd3 Ke6 51. Ke3 1/2-1/2

[Event "España ch sub-12 2012"]
[Site "Salobreña ESP"]
[Date "2012.07.06"]
[Round "7.20"]
[White "Garcia Martin, Marta"]
[Black "Lacruz Algarate, Alvaro"]
[Result "1/2-1/2"]
[WhiteElo "1607"]
[BlackElo "1363"]
[PlyCount "74"]
[EventDate "2012.07.02"]
[EventType "swiss"]
[EventRounds "9"]
[EventCountry "ESP"]
[Source "lmi"]
[SourceDate "2012.07.02"]

1. e4 e6 2. d4 d5 3. exd5 exd5 4. Nf3 Bd6 5. Bd3 Ne7 6. O-O O-O 7. Be3 Bf5 8.
c3 c6 9. Qc2 Bxd3 10. Qxd3 Ng6 11. Nbd2 Qc7 12. Rfe1 Nd7 13. Nf1 Nf4 14. Qc2
Nb6 15. b3 Nd7 16. Ng3 Nf6 17. Nf5 Ng4 18. Nxd6 Qxd6 19. Qd2 Nxe3 20. Qxe3 Ng6
21. Ne5 Rfe8 22. Qg3 f6 23. Nxg6 Qxg3 24. hxg3 hxg6 25. f3 Kf7 26. Kf2 Rad8 27.
Rad1 Rxe1 28. Rxe1 Rd6 29. Re3 Re6 30. Ke2 Ke7 31. Rxe6+ Kxe6 32. Kd3 Kd6 33.
a4 b6 34. b4 a5 35. bxa5 bxa5 36. c4 c5 37. Kc3 Kc6 1/2-1/2

[Event "España ch sub-12 2012"]
[Site "Salobreña ESP"]
[Date "2012.07.06"]
[Round "7.22"]
[White "Antunez Muñoz, Ines"]
[Black "Lledo Moll, Carles"]
[Result "0-1"]
[WhiteElo "1872"]
[BlackElo "1551"]
[PlyCount "72"]
[EventDate "2012.07.02"]
[EventType "swiss"]
[EventRounds "9"]
[EventCountry "ESP"]
[Source "lmi"]
[SourceDate "2012.07.02"]

1. e4 e5 2. Nf3 Nc6 3. d4 exd4 4. Bc4 Be7 5. O-O d6 6. Nxd4 Nxd4 7. Qxd4 Bf6 8.
Qd3 Ne7 9. Nc3 O-O 10. Be3 Re8 11. Rae1 a6 12. f4 b5 13. Bb3 Bxc3 14. Qxc3 Bb7
15. e5 c5 16. exd6 Qxd6 17. Bxc5 Qc6 18. Rf2 Nd5 19. Bxd5 Rxe1+ 20. Qxe1 Qxd5
21. Ba3 Qxa2 22. Re2 Bc6 23. Qf2 Qc4 24. f5 Rd8 25. Rd2 Re8 26. Rd1 b4 27. b3
Qg4 28. Qf1 bxa3 29. Rd2 Qb4 30. Qd1 Qe4 31. Kf1 Qxf5+ 32. Kg1 Qe4 33. Kf1 Qe5
34. c4 a2 35. Rxa2 Qxh2 36. Kf2 Qh4+ 0-1

[Event "España ch sub-12 2012"]
[Site "Salobreña ESP"]
[Date "2012.07.06"]
[Round "7.23"]
[White "De La Peña Garcia, Blanca"]
[Black "Motos Abellan, Daniel"]
[Result "0-1"]
[WhiteElo "1519"]
[BlackElo "1620"]
[PlyCount "138"]
[EventDate "2012.07.02"]
[EventType "swiss"]
[EventRounds "9"]
[EventCountry "ESP"]
[Source "lmi"]
[SourceDate "2012.07.02"]

1. e4 e6 2. d3 d5 3. Nd2 c5 4. Ngf3 Nc6 5. g3 Nf6 6. Bg2 Be7 7. O-O O-O 8. e5
Nd7 9. Re1 Qc7 10. Qe2 b6 11. Nf1 Bb7 12. h4 Rac8 13. Bf4 Rfe8 14. N1h2 Bf8 15.
Ng4 Ne7 16. Nf6+ gxf6 17. exf6 Qd8 18. fxe7 Qxe7 19. Ng5 Bg7 20. Rab1 Nf8 21.
Bh3 Ng6 22. Bd2 h6 23. Nf3 Rcd8 24. h5 Nf8 25. Bf4 e5 26. Qd2 Qd6 27. Nxe5 Bxe5
28. Bxh6 Nh7 29. Bf5 Bd4 30. Kg2 Qc6 31. Qf4 Rxe1 32. Rxe1 Bf6 33. Qg4+ Kh8 34.
c3 d4+ 35. Be4 Qc8 36. Qf4 Bxe4+ 37. Rxe4 dxc3 38. bxc3 Rxd3 39. c4 Rd4 40.
Rxd4 cxd4 41. Qc1 Be5 42. Qe1 Qc6+ 43. Kg1 f6 44. f4 Bd6 45. Qe6 d3 46. Qf7
Qc5+ 47. Kf1 Bf8 48. Bxf8 Qxf8 49. Qxf8+ Nxf8 50. Ke1 Ne6 51. Kd2 Nc5 52. g4
Kg7 53. g5 f5 54. h6+ Kg6 55. Ke3 Ne6 56. Kxd3 Nxf4+ 57. Ke3 Ne6 58. a4 Nxg5
59. Kf4 Ne6+ 60. Kf3 Kxh6 61. Ke3 Kg5 62. Kf3 f4 63. Kf2 Kf5 64. Kf3 Ke5 65.
Kf2 Kd4 66. Kf3 Kxc4 67. Ke4 b5 68. axb5 Kxb5 69. Kf3 a5 0-1

[Event "España ch sub-12 2012"]
[Site "Salobreña ESP"]
[Date "2012.07.06"]
[Round "7.24"]
[White "Garcia Sancho, Josep"]
[Black "Galiana Fernandez, Adrian"]
[Result "1-0"]
[WhiteElo "1614"]
[BlackElo "1470"]
[PlyCount "109"]
[EventDate "2012.07.02"]
[EventType "swiss"]
[EventRounds "9"]
[EventCountry "ESP"]
[Source "lmi"]
[SourceDate "2012.07.02"]

1. d4 d5 2. c4 c6 3. Nf3 Nf6 4. g3 Nbd7 5. Nc3 e6 6. Bg2 Bd6 7. O-O O-O 8. Qc2
Bb8 9. e4 dxe4 10. Nxe4 Nxe4 11. Qxe4 Nf6 12. Qc2 Re8 13. Bd2 Bd6 14. Bc3 Be7
15. Rad1 Bd7 16. Rfe1 Qc7 17. Ne5 Rad8 18. Qb3 c5 19. Qxb7 Qxb7 20. Bxb7 Rb8
21. Bg2 Bc8 22. Bc6 Rd8 23. Bb5 Bb7 24. Nc6 Bxc6 25. Bxc6 cxd4 26. Bxd4 a6 27.
b3 Bb4 28. Rf1 Rd6 29. Be5 Rxd1 30. Rxd1 Rf8 31. Bc7 Bc5 32. h3 Be7 33. Bf3 Rc8
34. Bd6 Bxd6 35. Rxd6 a5 36. Rc6 Rxc6 37. Bxc6 Kf8 38. Kf1 Ke7 39. Ke2 Nd7 40.
Bxd7 Kxd7 41. a3 Kc6 42. b4 a4 43. Ke3 f6 44. Ke4 g6 45. f4 h6 46. g4 g5 47.
fxg5 hxg5 48. Kf3 e5 49. Kg3 Kd6 50. h4 gxh4+ 51. Kxh4 Ke6 52. b5 Kd6 53. b6
Kc6 54. c5 Kd5 55. g5 1-0

[Event "España ch sub-12 2012"]
[Site "Salobreña ESP"]
[Date "2012.07.06"]
[Round "8.1"]
[White "Gimenez Aguirre, Alejo Ismael"]
[Black "Cirera Sancho, Alberto"]
[Result "1-0"]
[WhiteElo "1872"]
[BlackElo "1629"]
[PlyCount "126"]
[EventDate "2012.07.02"]
[EventType "swiss"]
[EventRounds "9"]
[EventCountry "ESP"]
[Source "lmi"]
[SourceDate "2012.07.02"]

1. d4 d5 2. c4 e6 3. Nf3 Nf6 4. g3 dxc4 5. Bg2 c6 6. Ne5 Bb4+ 7. Bd2 Qxd4 8.
Bxb4 Qxe5 9. Nd2 b5 10. Nf3 Qc7 11. O-O Nd5 12. Qd2 a5 13. Bc3 Nxc3 14. Qxc3
O-O 15. Ne5 Bb7 16. Rad1 f6 17. Ng4 Na6 18. f4 Nb4 19. Qe3 Bc8 20. Qc5 Qa7 21.
Qxa7 Rxa7 22. a3 Nd5 23. e4 Nb6 24. Rd6 Na4 25. Rf2 e5 26. Ne3 exf4 27. gxf4 c5
28. Rc2 Re8 29. e5 fxe5 30. Bc6 Ra6 31. fxe5 Rxe5 32. Rd8+ Kf7 33. Rxc8 Rxc6
34. Rxc6 Rxe3 35. Rf2+ Ke8 36. Ra6 c3 37. bxc3 Nxc3 38. Rxa5 b4 39. axb4 cxb4
40. Ra8+ Kd7 41. Rb8 Nd5 42. Rf7+ Ke6 43. Rxg7 Rh3 44. Re8+ Kf6 45. Rd7 Rh5 46.
Red8 Nc3 47. Rb7 Rb5 48. Rxb5 Nxb5 49. Rb8 Nd6 50. Rxb4 Nf7 51. Kg2 Kg7 52. Kg3
Nh6 53. Kf4 Nf7 54. h4 Kh6 55. Rb7 Nd8 56. Re7 Kg6 57. Kg4 Nf7 58. Re6+ Kg7 59.
h5 h6 60. Kf5 Nh8 61. Re7+ Kg8 62. Kf6 Kf8 63. Ra7 Ke8 1-0

[Event "España ch sub-12 2012"]
[Site "Salobreña ESP"]
[Date "2012.07.06"]
[Round "8.2"]
[White "Jimenez Vado, Yvan"]
[Black "Gimenez Aguirre, Alejo Ismael"]
[Result "0-1"]
[WhiteElo "1739"]
[BlackElo "1872"]
[PlyCount "60"]
[EventDate "2012.07.02"]
[EventType "swiss"]
[EventRounds "9"]
[EventCountry "ESP"]
[Source "lmi"]
[SourceDate "2012.07.02"]

1. d4 Nf6 2. Nf3 e6 3. g3 b6 4. Bg2 Bb7 5. O-O Be7 6. c4 O-O 7. Nc3 d6 8. Qc2
Nbd7 9. e4 Re8 10. Rd1 h6 11. b3 Nf8 12. Ne1 c6 13. e5 N6d7 14. Ba3 dxe5 15.
Bxe7 Qxe7 16. Ne4 Red8 17. c5 exd4 18. cxb6 axb6 19. Rxd4 c5 20. Rd2 Ne5 21.
Rad1 Bd5 22. Nd3 Nfg6 23. f4 Nc6 24. Ne1 Nd4 25. Qb1 f5 26. Nc3 Bxg2 27. Rxg2
e5 28. Rf2 exf4 29. gxf4 Re8 30. Nc2 Nxf4 0-1

[Event "España ch sub-12 2012"]
[Site "Salobreña ESP"]
[Date "2012.07.06"]
[Round "8.3"]
[White "Muñoz Pelaez, Manuel"]
[Black "Porta Tovar, Guillem"]
[Result "1/2-1/2"]
[BlackElo "1846"]
[PlyCount "77"]
[EventDate "2012.07.02"]
[EventType "swiss"]
[EventRounds "9"]
[EventCountry "ESP"]
[Source "lmi"]
[SourceDate "2012.07.02"]
[WhiteElo "1805"]

1. e4 e5 2. Nf3 Nc6 3. Bb5 a6 4. Bxc6 dxc6 5. d4 exd4 6. Qxd4 Qxd4 7. Nxd4 Bd7
8. Nc3 O-O-O 9. Be3 Bd6 10. O-O-O Ne7 11. Nde2 Ng6 12. Ng3 Ne5 13. f3 Rde8 14.
Bd4 c5 15. Bxe5 Bxe5 16. Nce2 g5 17. h3 f6 18. Rd2 Be6 19. a3 b5 20. Nf5 Bxf5
21. exf5 Bd6 22. Nc3 Bf4 23. Ne4 Re5 24. g4 Rd8 25. Rhd1 Red5 26. c3 c4 27. Kc2
Bxd2 28. Rxd2 Rxd2+ 29. Nxd2 Kd7 30. Ne4 Ke7 31. Nc5 Kd6 32. Nb7+ Kd7 33. Nxd8
Kxd8 34. Kd2 Ke7 35. Ke3 Kd6 36. f4 h6 37. fxg5 hxg5 38. Kf3 Ke5 39. Ke3
1/2-1/2

[Event "España ch sub-12 2012"]
[Site "Salobreña ESP"]
[Date "2012.07.06"]
[Round "8.4"]
[White "Larraga Navarro, Adrian"]
[Black "Perez Mondejar, Adler"]
[Result "0-1"]
[WhiteElo "1646"]
[PlyCount "32"]
[EventDate "2012.07.02"]
[EventType "swiss"]
[EventRounds "9"]
[EventCountry "ESP"]
[Source "lmi"]
[SourceDate "2012.07.02"]
[BlackElo "1455"]

1. e4 c5 2. Nc3 Nc6 3. f4 g6 4. Nf3 Bg7 5. Bb5 Nd4 6. Bd3 d6 7. O-O Nf6 8. b3
Bg4 9. Bb2 Bxf3 10. gxf3 O-O 11. Ne2 Nh5 12. Nxd4 Nxf4 13. Bc4 cxd4 14. Qe1 e6
15. Qg3 Be5 16. Qe1 Qg5+ 0-1

[Event "España ch sub-12 2012"]
[Site "Salobreña ESP"]
[Date "2012.07.06"]
[Round "8.5"]
[White "Nieves Cabanes, Jose Manuel"]
[Black "Lechuga Cabrero, Luis Miguel"]
[Result "1-0"]
[BlackElo "1712"]
[PlyCount "61"]
[EventDate "2012.07.02"]
[EventType "swiss"]
[EventRounds "9"]
[EventCountry "ESP"]
[Source "lmi"]
[SourceDate "2012.07.02"]
[WhiteElo "1874"]

1. d4 Nf6 2. c4 g6 3. Nc3 Bg7 4. e4 d6 5. Be2 O-O 6. g4 e5 7. d5 a5 8. g5 Ne8
9. h4 f5 10. gxf6 Qxf6 11. Be3 c6 12. Qd2 Na6 13. O-O-O Rb8 14. h5 Nac7 15.
hxg6 hxg6 16. Nh3 cxd5 17. Nxd5 Nxd5 18. cxd5 b6 19. Ng5 Qe7 20. Rdg1 Nf6 21.
Kb1 Bd7 22. Bd3 Rfc8 23. Ne6 Bxe6 24. dxe6 Qxe6 25. Rxg6 Rc7 26. Rhg1 Kf8 27.
Bh6 Bxh6 28. Qxh6+ Ke7 29. Rxf6 Qxf6 30. Rg7+ Ke6 31. Qh3+ 1-0

[Event "España ch sub-12 2012"]
[Site "Salobreña ESP"]
[Date "2012.07.06"]
[Round "8.6"]
[White "Bayo Milagro, Alvaro"]
[Black "Represa Perez, Mireya"]
[Result "1/2-1/2"]
[WhiteElo "1856"]
[BlackElo "1525"]
[PlyCount "107"]
[EventDate "2012.07.02"]
[EventType "swiss"]
[EventRounds "9"]
[EventCountry "ESP"]
[Source "lmi"]
[SourceDate "2012.07.02"]

1. e4 c5 2. Nf3 e6 3. d4 cxd4 4. Nxd4 Nf6 5. Nc3 Nc6 6. Be3 Bb4 7. f3 d5 8.
Nxc6 bxc6 9. exd5 cxd5 10. Bd4 O-O 11. Bb5 Bd7 12. Bxd7 Nxd7 13. O-O Bc5 14.
Bxc5 Nxc5 15. Qd4 Qb6 16. Ne2 Rfc8 17. Kh1 Nd7 18. Rfc1 Rab8 19. Rab1 Rb7 20.
c3 Qa6 21. Ng3 Qxa2 22. Nh5 f6 23. Qg4 Nf8 24. Nxf6+ Kh8 25. Nh5 Rxc3 26. bxc3
Qxb1 27. Qxg7+ Rxg7 28. Rxb1 Rc7 29. Rc1 d4 30. c4 d3 31. Kg1 Nd7 32. Kf2 Nc5
33. Ke3 d2 34. Rd1 Nb3 35. Kd3 a5 36. Kc3 Rb7 37. Ng3 a4 38. Ne4 Kg7 39. Nxd2
Rd7 40. Kc2 Nd4+ 41. Kc1 a3 42. Re1 Ra7 43. Kb1 Rb7+ 44. Ka2 Rb2+ 45. Kxa3 Rxd2
46. Re4 Nc2+ 47. Kb3 Rxg2 48. Rg4+ Rxg4 49. fxg4 Ne3 50. c5 Nd5 51. Kc4 Kf6 52.
Kd4 Nc7 53. h4 h6 54. Ke4 1/2-1/2

[Event "España ch sub-12 2012"]
[Site "Salobreña ESP"]
[Date "2012.07.06"]
[Round "8.7"]
[White "Martinez Lopez, Carlos"]
[Black "Escudero Manzano, Sergio"]
[Result "1-0"]
[WhiteElo "1649"]
[BlackElo "1789"]
[PlyCount "65"]
[EventDate "2012.07.02"]
[EventType "swiss"]
[EventRounds "9"]
[EventCountry "ESP"]
[Source "lmi"]
[SourceDate "2012.07.02"]

1. e4 c5 2. Nc3 Nc6 3. g3 g6 4. Bg2 Bg7 5. Nge2 Rb8 6. a4 a6 7. O-O b5 8. axb5
axb5 9. d3 e6 10. f4 Nge7 11. e5 d6 12. exd6 Qxd6 13. Ne4 Qd8 14. c3 O-O 15.
Nxc5 b4 16. Ne4 Bb7 17. d4 Nd5 18. h3 Re8 19. Kh2 Nce7 20. Bd2 Nf5 21. Qc1 Qe7
22. Nc5 Ba8 23. Re1 Rec8 24. g4 Nd6 25. Ng3 Nc4 26. Rxa8 Rxa8 27. Bxd5 Nxd2 28.
Bxa8 Nc4 29. Bg2 bxc3 30. bxc3 Nb6 31. f5 e5 32. fxg6 hxg6 33. Nd3 1-0

[Event "España ch sub-12 2012"]
[Site "Salobreña ESP"]
[Date "2012.07.06"]
[Round "8.8"]
[White "Pulido Leon, Manuel"]
[Black "Roig Serralta, Nadal"]
[Result "1/2-1/2"]
[WhiteElo "1634"]
[BlackElo "1721"]
[PlyCount "60"]
[EventDate "2012.07.02"]
[EventType "swiss"]
[EventRounds "9"]
[EventCountry "ESP"]
[Source "lmi"]
[SourceDate "2012.07.02"]

1. e4 e6 2. d4 d5 3. e5 c5 4. c3 Nc6 5. Nf3 Qb6 6. Bd3 cxd4 7. cxd4 Bd7 8. O-O
Nxd4 9. Nxd4 Qxd4 10. Nc3 Qxe5 11. Re1 Qb8 12. Nxd5 Bd6 13. Qg4 Kf8 14. Bd2 h5
15. Qh3 Bc6 16. Nb4 Nf6 17. Nxc6 bxc6 18. Qf3 Qxb2 19. Qxc6 Rd8 20. Bc3 Bxh2+
21. Kxh2 Ng4+ 22. Kh1 Qxf2 23. Bb5 Qh4+ 24. Kg1 Qh2+ 25. Kf1 Qf4+ 26. Kg1 Qf2+
27. Kh1 Qh4+ 28. Kg1 Qf2+ 29. Kh1 Qh4+ 30. Kg1 Qf2+ 1/2-1/2

[Event "España ch sub-12 2012"]
[Site "Salobreña ESP"]
[Date "2012.07.06"]
[Round "8.9"]
[White "Orantes Taboada, Francisco"]
[Black "Cabrera Valverde, Cristina"]
[Result "0-1"]
[WhiteElo "1688"]
[BlackElo "1511"]
[PlyCount "72"]
[EventDate "2012.07.02"]
[EventType "swiss"]
[EventRounds "9"]
[EventCountry "ESP"]
[Source "lmi"]
[SourceDate "2012.07.02"]

1. e4 Nf6 2. Nc3 e5 3. Nf3 Nc6 4. d4 d6 5. dxe5 Nxe5 6. Nxe5 dxe5 7. Qxd8+ Kxd8
8. Bg5 c6 9. Bc4 Ke8 10. O-O-O h6 11. Bh4 Bb4 12. Bxf6 gxf6 13. Rd3 Be6 14.
Bxe6 fxe6 15. Rhd1 Rh7 16. Ne2 Bc5 17. f4 exf4 18. Nxf4 e5 19. Nh5 Rf7 20. Rd7
Be3+ 21. Kb1 Rxd7 22. Nxf6+ Ke7 23. Rxd7+ Kxf6 24. Rxb7 Rg8 25. g3 Rd8 26. a3
Rd4 27. Rc7 Rxe4 28. Rxc6+ Kg5 29. Rc8 Bf2 30. Rg8+ Kh5 31. b4 Rc4 32. Rf8 Bd4
33. Rf3 Rc3 34. Rxc3 Bxc3 35. Kc1 Kg4 36. Kd1 Kf3 0-1